Kaamelott - Monologue d'Arthur sur le Graal - Statistiques

Statistiques générales
  • Ce quiz a été pris 441 fois
  • Le résultat moyen est 55 sur 96
Statistiques - réponses
Réponse % Correct
le
92%
le
92%
Le
92%
le
92%
Le
92%
Le
92%
Graal ?
91%
Graal.
91%
Graal
91%
Graal,
91%
Graal,
91%
que
87%
c'est,
86%
C'est
86%
c'est
86%
c'est
86%
à
81%
a
81%
A
81%
la
76%
la
76%
la
76%
de
75%
de
75%
Et
70%
nous
70%
nous
70%
nous
70%
Vous
70%
Qu'est-ce
69%
qui
69%
qui
69%
qui
69%
qui
69%
Des
68%
des
68%
des
68%
des
68%
des
68%
des
68%
des
68%
pas
68%
pas
68%
pas
68%
Moi
66%
chevaliers
64%
chevaliers,
64%
fait
62%
savez
60%
en
57%
notre
56%
notre
56%
rien
56%
non
55%
plus.
55%
ai
54%
Table
54%
du
53%
du
53%
j'en
52%
Ronde,
52%
pour
49%
Mais ...
47%
y
47%
Il
46%
même
44%
même
44%
même
44%
grandeur.
43%
hommes
37%
cirer.
36%
deux
34%
deux
34%
fois
33%
ont
33%
toute
33%
viennent
33%
endroit ...
31%
l'histoire
31%
première
31%
chose.
29%
seigneurs,
28%
union.
28%
cherchons
26%
âge,
25%
breton,
25%
errants,
23%
pauvres ...
23%
riches,
23%
royaume
23%
vraiment.
23%
différencie
22%
barbares.
21%
civilisés,
20%
Regardez-nous !
20%
tribus
18%
Aucun quiz correspondant
Distribution des résultats
% des personnes avec chaque résultat
Percentile par nombre de réponses
Votre historique - résultats
Vous n’avez pas pris ce quiz